Tribhuvan University Central Library

A semantic analysis of English and Thulung Rai verbs. (Record no. 68575)

MARC details
000 -LEADER
fixed length control field 00418 a2200145 4500
041 ## - LANGUAGE CODE
Language code of text/sound track or separate title Eng
082 ## - DEWEY DECIMAL CLASSIFICATION NUMBER
Classification number CD8247
100 ## - MAIN ENTRY--PERSONAL NAME
Personal name Rai, Suresh Kumar
245 ## - TITLE STATEMENT
Title A semantic analysis of English and Thulung Rai verbs.
260 ## - PUBLICATION, DISTRIBUTION, ETC. (IMPRINT)
Place of publication, distribution, etc Morang:
Name of publisher, distributor, etc Nepal
Date of publication, distribution, etc 2012
502 ## - DISSERTATION NOTE
Dissertation note Dissertation
Degree type Degree in Education
Name of granting institution Sukuna M. C.
650 ## - SUBJECT ADDED ENTRY--TOPICAL TERM
Topical term or geographic name as entry element English language
-- English grammar
-- Verbs
653 ## - INDEX TERM--UNCONTROLLED
Uncontrolled term English education
942 ## - ADDED ENTRY ELEMENTS (KOHA)
Source of classification or shelving scheme Dewey Decimal Classification
Koha item type Audio Visual Materials
Holdings
Withdrawn status Lost status Source of classification or shelving scheme Damaged status Not for loan Home library Current library Date acquired Total Checkouts Full call number Barcode Date last seen Price effective from Koha item type
    Dewey Decimal Classification     Tribhuvan University Central Library Tribhuvan University Central Library 01/28/2014   CD8247 A8195 01/28/2014 01/28/2014 Audio Visual Materials